[Event "57th Biel Rapid Open"]
[Site "Biel SUI"]
[Date "2024.07.14"]
[Round "7.21"]
[White "Zargarov, Mikayel"]
[Black "Gloeckler, Christian"]
[Result "0-1"]
[BlackTitle "FM"]
[WhiteElo "2033"]
[BlackElo "2304"]
[WhiteFideId "1342410"]
[BlackFideId "34608966"]
[EventDate "2024.07.14"]
[EventType "swiss"]

1. d4 Nf6 2. c4 e6 3. g3 d5 4. Bg2 dxc4 5. Nf3 c5 6. O-O Nc6 7. dxc5 Qxd1 8.
Rxd1 Bxc5 9. Nbd2 c3 10. bxc3 O-O 11. Nb3 Be7 12. c4 Bd7 13. Bb2 Rfc8 14. Rac1
Be8 15. Nfd4 a6 16. h3 h6 17. e3 Nd8 18. e4 Nd7 19. f4 Rc7 20. Rc2 Rac8 21. Rdc1
Nc5 22. e5 Nd3 23. Rd1 Nb4 24. Rcd2 Rxc4 25. a3 Nbc6 26. Nf3 Ra4 27. g4 Rxf4 28.
Kh2 Ra4 29. Kg3 Na5 30. Nxa5 Rxa5 31. Rd3 Bb5 32. Re3 Nc6 33. h4 Ra4 34. g5 Bc5
35. Rc3 Ne7 36. Bh3 b6 37. h5 Rc4 38. Rcd3 Nc6 39. g6 Rc2 40. R3d2 Rxd2 41. Rxd2
Ne7 42. Nh4 Bc6 43. Rd1 Bd5 44. Rf1 fxg6 45. Nxg6 Nxg6 46. hxg6 Rf8 47. Rxf8+
Kxf8 48. Bf1 b5 49. Bd3 Ke7 50. Kg4 Bc4 51. Bc2 a5 52. Kf3 Bd5+ 53. Ke2 b4 54.
axb4 Bxb4 55. Ba4 Be4 0-1

[Event "57th Biel Rapid Open"]
[Site "Biel SUI"]
[Date "2024.07.14"]
[Round "7.23"]
[White "Georgescu, Lena"]
[Black "Lang, Fabian"]
[Result "1-0"]
[WhiteTitle "FM"]
[WhiteElo "2209"]
[BlackElo "1957"]
[WhiteFideId "1331973"]
[BlackFideId "1310160"]
[EventDate "2024.07.14"]
[EventType "swiss"]

1. e4 c5 2. Nf3 a6 3. c3 d5 4. exd5 Qxd5 5. d4 Nf6 6. h3 e6 7. Be3 cxd4 8. cxd4
Nc6 9. Nc3 Qd8 10. Bc4 Nb4 11. O-O Be7 12. Ne5 O-O 13. Qe2 Nbd5 14. Rad1 Qc7 15.
Bxd5 exd5 16. Rc1 Qd8 17. Bf4 Re8 18. Rfe1 Be6 19. Qf3 Rc8 20. Bg5 Qb6 21. Nd3
Qxd4 22. Nf4 Ne4 23. Nxe6 fxe6 24. Bxe7 Nxc3 25. bxc3 Qb6 26. Bh4 Rc6 27. Bg3
Qa5 28. Be5 Rf8 29. Qg3 Rf7 30. Re3 Qd8 31. Rce1 Qd7 32. Bd4 1-0

[Event "57th Biel Rapid Open"]
[Site "Biel SUI"]
[Date "2024.07.14"]
[Round "7.24"]
[White "Lyutsinger, Iren"]
[Black "Vemparala, Nikash"]
[Result "0-1"]
[BlackTitle "CM"]
[WhiteElo "2088"]
[BlackElo "2150"]
[WhiteFideId "34425969"]
[BlackFideId "30960967"]
[EventDate "2024.07.14"]
[EventType "swiss"]

1. e4 e5 2. Nf3 Nc6 3. Bb5 Bc5 4. O-O d6 5. h3 a6 6. Ba4 Ne7 7. c3 Bd7 8. d4 Ba7
9. Be3 O-O 10. Nbd2 exd4 11. cxd4 d5 12. Bb3 Be6 13. Re1 Qd7 14. Rc1 Rad8 15. e5
Nf5 16. Nf1 Rde8 17. Qd2 f6 18. exf6 Rxf6 19. Ne5 Qd6 20. Nxc6 bxc6 21. Bf4 Qd7
22. Be5 Rg6 23. Ng3 Rf8 24. Ba4 Nh4 25. Rxc6 Bb8 26. Qc2 Qf7 27. Bxc7 Bxh3 28.
Rxg6 hxg6 29. Re3 Nxg2 30. Re8 Bxc7 31. Rxf8+ Kxf8 32. Qc5+ Kg8 33. Be8 Qxe8 34.
Qxc7 Nh4 35. Kh2 Bg4 36. Qf4 Qe6 37. Nf1 g5 38. Qb8+ Kh7 39. Ne3 Bh5 40. Qg3
Nf3+ 41. Kg2 Qe4 42. Kf1 Qb1+ 43. Ke2 Qe1+ 44. Kd3 Qd2# 0-1

[Event "57th Biel Rapid Open"]
[Site "Biel SUI"]
[Date "2024.07.14"]
[Round "7.25"]
[White "Rotunno, Flavio"]
[Black "Szakolczai, Peter"]
[Result "1/2-1/2"]
[BlackTitle "FM"]
[WhiteElo "2168"]
[BlackElo "2188"]
[WhiteFideId "1338528"]
[BlackFideId "705624"]
[EventDate "2024.07.14"]
[EventType "swiss"]

1. Nf3 c5 2. e3 Nf6 3. b3 g6 4. Bb2 Bg7 5. Be2 O-O 6. O-O d5 7. c4 Nc6 8. cxd5
Qxd5 9. d4 cxd4 10. Nxd4 Nxd4 11. Qxd4 Qg5 12. Na3 h5 13. Qe5 Qxe5 14. Bxe5 Bg4
15. Bxg4 Nxg4 16. Bxg7 Kxg7 17. Rfd1 Rfd8 18. h3 Ne5 19. Kf1 Rac8 20. Ke2 Kf6
21. Rxd8 Rxd8 22. Rc1 Rd7 23. Nb5 Nc6 24. e4 e5 25. Nc3 Ke6 26. Nd5 f5 27. f3 f4
28. b4 g5 29. a4 g4 30. hxg4 hxg4 31. Rh1 gxf3+ 32. gxf3 Rg7 33. Kf2 Nd4 34. Rd1
Rg3 35. Rd3 Rh3 36. Nxf4+ exf4 37. Rxd4 Rh2+ 38. Ke1 Ra2 39. a5 Rb2 40. Kf1 a6
41. Ke1 Rb3 42. Ke2 Rb2+ 43. Kf1 Ke5 44. Rd5+ Ke6 45. Rf5 Rxb4 46. Rxf4 Rb5 47.
Rf5 Rb2 48. Rd5 b6 49. axb6 Rxb6 50. Ke2 Rb3 51. Ra5 Rb6 52. Ke3 Rb3+ 53. Kf4
Rb6 54. Rh5 Kf7 55. Rh7+ Kg6 56. Ra7 Kf6 57. Ra8 Rc6 58. Rf8+ Ke7 59. Rf5 Ke6
60. Kg5 Ke7 61. f4 Re6 62. e5 a5 63. Kg4 Ra6 64. Rh5 a4 65. Kf5 a3 66. Rh7+ Kf8
67. Rh1 a2 68. Ra1 Ke7 69. Ke4 Ra4+ 70. Kd5 Ra5+ 71. Ke4 Ra4+ 72. Kf5 Ra6 73.
Ke4 Ra4+ 74. Kd5 Ra5+ 75. Kd4 Ke6 76. Kc3 Ra4 77. Kb2 Rxf4 78. Rxa2 Rf2+ 79. Kb3
Rxa2 80. Kxa2 Kxe5 1/2-1/2

[Event "57th Biel Rapid Open"]
[Site "Biel SUI"]
[Date "2024.07.14"]
[Round "7.26"]
[White "Menzi, Jonas"]
[Black "Bonanomi, Silvan"]
[Result "1-0"]
[WhiteElo "2100"]
[BlackElo "1924"]
[WhiteFideId "1345133"]
[BlackFideId "1352644"]
[EventDate "2024.07.14"]
[EventType "swiss"]

1. e4 c6 2. Nc3 d5 3. Nf3 dxe4 4. Nxe4 Nf6 5. Qe2 Nxe4 6. Qxe4 Nd7 7. Bc4 Nf6 8.
Ne5 e6 9. Qe2 Bd6 10. O-O O-O 11. d4 Qc7 12. Re1 c5 13. dxc5 Qxc5 14. Bb3 b6 15.
Bg5 Nd7 16. Nxf7 Rxf7 17. Qxe6 Ne5 18. Qe8+ Bf8 19. Qxe5 Qxf2+ 20. Kh1 Bb7 21.
Bxf7+ 1-0

[Event "57th Biel Rapid Open"]
[Site "Biel SUI"]
[Date "2024.07.14"]
[Round "7.27"]
[White "Jud, Marc"]
[Black "Kuhn, Thomas"]
[Result "1/2-1/2"]
[WhiteElo "1925"]
[BlackElo "2094"]
[WhiteFideId "1309099"]
[BlackFideId "1304135"]
[EventDate "2024.07.14"]
[EventType "swiss"]

1. d4 d5 2. Nf3 Nf6 3. g3 Bg4 4. Ne5 Bf5 5. Bg2 c6 6. Nc3 h6 7. O-O e6 8. f3 Bh7
9. e4 Bb4 10. a3 Bxc3 11. bxc3 dxe4 12. fxe4 O-O 13. Qe2 c5 14. Qb5 Nbd7 15.
Nxd7 Qxd7 16. Qxd7 Nxd7 17. Be3 Rac8 18. Rab1 b6 19. d5 Ne5 20. dxe6 fxe6 21.
Rxf8+ Rxf8 22. Rf1 Nc4 23. Bc1 Nd6 24. Re1 Nb5 25. Bb2 Rd8 26. a4 Nd6 27. Rd1
Kf8 28. c4 Nf7 29. Rd3 g5 30. Bf6 Rd6 31. Kf2 e5 32. Rxd6 Nxd6 33. Bxe5 Nxc4 34.
Bb8 Nb2 35. a5 1/2-1/2

[Event "57th Biel Rapid Open"]
[Site "Biel SUI"]
[Date "2024.07.14"]
[Round "7.28"]
[White "Pappier, Carlos"]
[Black "Bernhard, Simon"]
[Result "0-1"]
[WhiteElo "2202"]
[BlackElo "1801"]
[WhiteFideId "102598"]
[BlackFideId "1362127"]
[EventDate "2024.07.14"]
[EventType "swiss"]

1. d4 Nf6 2. c4 g6 3. Nc3 Bg7 4. e4 d6 5. Nge2 O-O 6. Ng3 e5 7. d5 a5 8. Be2 Na6
9. O-O Nc5 10. Rb1 Ne8 11. Be3 Na6 12. a3 f5 13. exf5 gxf5 14. f4 e4 15. Qd2 Nf6
16. b4 axb4 17. axb4 c5 18. dxc6 bxc6 19. Rfd1 d5 20. cxd5 cxd5 21. Nxd5 Nxd5
22. Qxd5+ Qxd5 23. Rxd5 Rb8 24. Bxa6 Bxa6 25. Nxf5 Bd3 26. Rc1 Rxb4 27. Rd7 Rxf5 0-1

[Event "57th Biel Rapid Open"]
[Site "Biel SUI"]
[Date "2024.07.14"]
[Round "7.29"]
[White "Bex, Pierre-Alain"]
[Black "Papaux, Jeremie"]
[Result "1-0"]
[WhiteElo "2119"]
[BlackElo "1808"]
[WhiteFideId "1300814"]
[BlackFideId "1340867"]
[EventDate "2024.07.14"]
[EventType "swiss"]

1. e4 e5 2. Nf3 Nc6 3. Bc4 Nf6 4. Ng5 d5 5. exd5 Na5 6. Bb5+ c6 7. dxc6 bxc6 8.
Qf3 Be7 9. Ba4 O-O 10. d3 Nd5 11. h4 f5 12. a3 h6 13. Qh5 c5 14. c3 Ba6 15. Ne6
Qd6 16. Nxf8 Rxf8 17. Bc2 c4 18. dxc4 Bxc4 19. Bxf5 Nb3 20. Nd2 Nf4 21. Nxc4 Qc5
22. Bxf4 exf4 23. Be6+ Kh8 24. Qxc5 Nxc5 25. Bd5 Rd8 26. O-O-O Bf6 27. g3 fxg3
28. fxg3 Rd7 29. Rhe1 1-0

[Event "57th Biel Rapid Open"]
[Site "Biel SUI"]
[Date "2024.07.14"]
[Round "7.30"]
[White "Illijin, Neboisa"]
[Black "Mkrtchyan, Anahit D."]
[Result "1-0"]
[WhiteTitle "IM"]
[WhiteElo "2141"]
[BlackElo "1831"]
[WhiteFideId "1200798"]
[BlackFideId "13307533"]
[EventDate "2024.07.14"]
[EventType "swiss"]

1. e4 c6 2. d4 d5 3. exd5 cxd5 4. c4 Nf6 5. Nc3 e6 6. Nf3 Be7 7. cxd5 Nxd5 8.
Bd3 Nc6 9. O-O Bf6 10. Be4 O-O 11. a3 a6 12. Qd3 g6 13. Bh6 Re8 14. Rfe1 Nde7
15. Rad1 Qa5 16. h4 Bd7 17. Qd2 Rad8 18. Qf4 Bg7 19. Bxg7 Kxg7 20. Ne5 Nxe5 21.
dxe5 Nc6 22. Bb1 Bc8 23. Rxd8 Rxd8 24. Qf6+ Kg8 25. h5 Qc5 26. h6 Qf8 27. Qg5
Qe7 28. Qe3 b5 29. f4 Na5 30. Ne4 Nc4 31. Qf2 Bb7 32. b3 Nxa3 33. Nd6 Nxb1 34.
Rxb1 Bd5 35. Qb6 Ra8 36. b4 Qf8 37. Qc7 Rd8 38. Rc1 Ra8 39. Rc5 Rb8 40. g4 Ra8
41. g5 Rb8 42. Kf2 Ra8 43. Ke3 Rb8 44. Kd4 Bh1 45. Qxb8 Qxb8 46. Rc8+ Qxc8 47.
Nxc8 Kf8 48. Kc5 Ke8 49. Kb6 Kd7 50. Nd6 Bd5 51. Nxf7 Bc4 52. Nd6 Bd3 53. Nb7
Be2 54. Nc5+ Ke7 55. Nxa6 Kd7 56. Nc5+ Ke7 57. Nb3 Bc4 58. Nd4 Kd7 59. Nxb5 Bf1
60. Nd4 Bc4 61. b5 Bd5 62. Nc2 Be4 63. Nb4 Bf3 64. Na6 Be4 65. Nc5+ 1-0

[Event "57th Biel Rapid Open"]
[Site "Biel SUI"]
[Date "2024.07.14"]
[Round "7.31"]
[White "Materia, Matteo"]
[Black "Marinkovic, Zoran"]
[Result "0-1"]
[WhiteElo "1860"]
[BlackElo "2105"]
[WhiteFideId "45150575"]
[BlackFideId "1346083"]
[EventDate "2024.07.14"]
[EventType "swiss"]

1. e4 c5 2. c3 d5 3. exd5 Qxd5 4. d4 e6 5. Nf3 Nc6 6. Be3 cxd4 7. cxd4 Bb4+ 8.
Nc3 Nf6 9. Bd3 b6 10. O-O Bxc3 11. bxc3 Bb7 12. Qb3 O-O 13. Rac1 Na5 14. Qxd5
exd5 15. Ne5 Rac8 16. Rc2 Nc4 17. Nxc4 dxc4 18. Bf5 Rce8 19. Bc1 g6 20. Bh3 Kg7
21. f3 Nd5 22. Kf2 f5 23. Re1 Rxe1 24. Kxe1 Re8+ 25. Kf2 Bc6 26. Bd2 Ba4 27. Rc1
Kf6 28. g3 Bc6 29. Bf1 b5 30. Re1 Rxe1 31. Bxe1 g5 32. Bd2 h5 33. Be2 a6 34. Bf1
Bd7 35. Be2 h4 36. Bf1 f4 37. g4 Nb6 38. h3 Be8 39. Ke1 Bg6 40. Kd1 Na4 41. Kc1
Ke6 42. Be2 Kd5 43. Bd1 Bd3 44. Bc2 Bf1 45. Be4+ Kd6 46. Bb7 Bxh3 47. Bxa6 Bg2
48. Bxb5 h3 0-1

[Event "57th Biel Rapid Open"]
[Site "Biel SUI"]
[Date "2024.07.14"]
[Round "7.32"]
[White "Spagnoli, Benjamin"]
[Black "Chauvon, Guillaume"]
[Result "0-1"]
[WhiteElo "1847"]
[BlackElo "2061"]
[WhiteFideId "20667116"]
[BlackFideId "206784"]
[EventDate "2024.07.14"]
[EventType "swiss"]

1. d4 d5 2. Nc3 Nf6 3. Bf4 c5 4. e4 Nxe4 5. Nxe4 dxe4 6. dxc5 Qa5+ 7. c3 Qxc5 8.
Qa4+ Nc6 9. Qxe4 Bf5 10. Qc4 e5 11. Be3 Qxc4 12. Bxc4 Rd8 13. Nf3 Bd6 14. O-O-O
O-O 15. Rd2 Bc7 16. Rhd1 a6 17. Bc5 Rfe8 18. Ng5 Bg6 19. g3 h6 20. Rxd8 Rxd8 21.
Rxd8+ Bxd8 22. Nf3 Bh5 23. Nd2 Be7 24. Ne4 Bf3 25. Bxe7 Bxe4 26. a3 Nxe7 0-1

[Event "57th Biel Rapid Open"]
[Site "Biel SUI"]
[Date "2024.07.14"]
[Round "7.33"]
[White "Chappaz, Max"]
[Black "Pisan, Kai"]
[Result "0-1"]
[WhiteElo "1854"]
[BlackElo "2016"]
[WhiteFideId "1351567"]
[BlackFideId "39904881"]
[EventDate "2024.07.14"]
[EventType "swiss"]

1. Nf3 Nf6 2. g3 d5 3. Bg2 Bf5 4. d3 c6 5. O-O Qc8 6. Nbd2 Bh3 7. e4 Bxg2 8.
Kxg2 e6 9. Re1 Be7 10. e5 Nfd7 11. Nf1 c5 12. Bf4 Nc6 13. h4 Qc7 14. N1h2 O-O-O
15. Ng4 Rdg8 16. c3 Kb8 17. d4 cxd4 18. cxd4 Qb6 19. Re2 h6 20. h5 Rc8 21. a3
Na5 22. b4 Nc4 23. Qb3 Rc7 24. Rb1 Rhc8 25. a4 a5 26. b5 Bb4 27. Bc1 Na3 28.
Bxa3 Rc3 29. Bxb4 Rxb3 30. Bd6+ Qxd6 31. exd6 Rxb1 32. Nge5 Nxe5 33. Nxe5 Rd8
34. Nxf7 Rd7 0-1

[Event "57th Biel Rapid Open"]
[Site "Biel SUI"]
[Date "2024.07.14"]
[Round "7.34"]
[White "Villiger, Jan"]
[Black "Brockmann, Fabian"]
[Result "0-1"]
[WhiteElo "1805"]
[BlackElo "2003"]
[WhiteFideId "1340891"]
[BlackFideId "4639561"]
[EventDate "2024.07.14"]
[EventType "swiss"]

1. e4 c5 2. Nf3 Nc6 3. Bb5 a6 4. Bxc6 dxc6 5. d3 e5 6. h3 f6 7. O-O Qc7 8. Nbd2
Be6 9. b3 Ne7 10. Nc4 b5 11. Ne3 Ng6 12. Nf5 Bxf5 13. exf5 Ne7 14. Nh4 O-O-O 15.
c4 g5 16. fxg6 hxg6 17. g3 g5 18. Qg4+ Qd7 19. Qxd7+ Rxd7 20. Ng2 Rxh3 21. Be3
Nf5 22. Rfd1 Nd4 23. Bxd4 Rxd4 24. Ne3 Rh7 25. Nf5 Rd8 26. Kg2 Rhd7 27. Rh1 Rxd3
28. Rh7 R3d7 29. Rah1 Kc7 30. Rh8 Bd6 31. R8h6 Rf8 32. Rg6 Be7 33. Ng7 Rf7 34.
Ne6+ Kd6 35. Nxg5 Rf8 36. Rhh6 bxc4 37. bxc4 Rb7 38. Ne4+ Ke6 39. Rg7 Rb4 40.
Ng5+ Kd7 41. Nh7 Ke6 42. Nxf8+ Bxf8 43. Rhh7 Bxg7 44. Rxg7 Rxc4 45. Rc7 Ra4 46.
Rxc6+ Kd5 47. Rxf6 Rxa2 48. g4 e4 49. Kg3 c4 0-1

[Event "57th Biel Rapid Open"]
[Site "Biel SUI"]
[Date "2024.07.14"]
[Round "7.35"]
[White "Jordan, Theodor"]
[Black "Edoecs, Joseph"]
[Result "1-0"]
[WhiteElo "1894"]
[BlackElo "2015"]
[WhiteFideId "1353152"]
[BlackFideId "1309404"]
[EventDate "2024.07.14"]
[EventType "swiss"]

1. e4 c5 2. Nf3 e6 3. c4 Nc6 4. Nc3 g6 5. d3 Bg7 6. Be2 Nge7 7. Rb1 O-O 8. O-O
d5 9. cxd5 exd5 10. Bg5 f6 11. exd5 fxg5 12. dxc6 Nxc6 13. Ne4 g4 14. Nfg5 Nd4
15. Bxg4 h5 16. Bxc8 Rxc8 17. Rc1 Bh6 18. h4 Rf4 19. Rxc5 Rxc5 20. Nxc5 Bxg5 21.
hxg5 Qxg5 22. Ne4 Qh4 23. g3 Qh3 24. Ng5 Qg4 25. Qxg4 Rxg4 26. Ne4 Kg7 27. Kg2
Nf5 28. Rc1 h4 29. Rc7+ Kf8 30. Rxb7 hxg3 31. fxg3 Nh4+ 32. Kh3 1-0

[Event "57th Biel Rapid Open"]
[Site "Biel SUI"]
[Date "2024.07.14"]
[Round "7.36"]
[White "Wilhelm, Serge"]
[Black "Paholok, Igor"]
[Result "1-0"]
[WhiteElo "1916"]
[BlackElo "1801"]
[WhiteFideId "1305808"]
[BlackFideId "1338951"]
[EventDate "2024.07.14"]
[EventType "swiss"]

1. d4 g6 2. e4 d6 3. Nc3 Bg7 4. Be3 Nf6 5. f3 Nbd7 6. Qd2 a6 7. O-O-O b5 8. e5
b4 9. Nce2 Nd5 10. Bh6 O-O 11. Bxg7 Kxg7 12. h4 N7b6 13. Nf4 c5 14. Nxd5 Nxd5
15. dxc5 Be6 16. exd6 Qa5 17. Qd4+ f6 18. Bc4 Nc3 19. Re1 Bxc4 20. Qxc4 Nxa2+
21. Kd1 exd6 22. Re7+ Kh8 23. c6 Rae8 24. Qe6 Rxe7 25. Qxe7 Qd5+ 26. Ke1 Qe5+
27. Qxe5 dxe5 28. Ne2 Rc8 29. Kd2 b3 30. cxb3 Rxc6 31. h5 Kg7 32. Nc3 Nb4 33.
hxg6 hxg6 34. Rh4 Rd6+ 35. Ke2 Nd3 36. Ne4 Rd4 37. Rh1 Nf4+ 38. Kf2 Rb4 39. Nd2
Nd3+ 40. Ke3 Nxb2 41. Rb1 Nc4+ 42. bxc4 Rxb1 43. Nxb1 Kf7 44. Nc3 Ke6 45. Na4
Kd6 46. Ke4 f5+ 47. Kd3 Kc6 48. Kc3 g5 49. g4 f4 50. Kd3 Kd6 51. Ke4 a5 52. c5+
Ke6 53. Nc3 Kf6 54. Kd5 1-0

[Event "57th Biel Rapid Open"]
[Site "Biel SUI"]
[Date "2024.07.14"]
[Round "7.39"]
[White "Wolffs, Walter"]
[Black "Stebahne, Olaf"]
[Result "1-0"]
[WhiteElo "1554"]
[BlackElo "1897"]
[WhiteFideId "3213994"]
[BlackFideId "24600270"]
[EventDate "2024.07.14"]
[EventType "swiss"]

1. e4 d6 2. Nf3 g6 3. Bc4 e6 4. Nc3 Bg7 5. O-O Ne7 6. d3 O-O 7. Re1 Nd7 8. Bg5
Nb6 9. Bb3 c5 10. Qc1 Re8 11. Bh6 Bh8 12. Ng5 Nc6 13. Nb5 Re7 14. Qf4 Ne5 15. d4
cxd4 16. Nxd4 Nbc4 17. Ndf3 Rc7 18. Rad1 Qf6 19. Qg3 Nxf3+ 20. Nxf3 e5 21. Bg5
Qe6 22. h3 f6 23. Bc1 Bd7 24. Nd2 b5 25. a4 a6 26. Qd3 Rd8 27. Nb1 Be8 28. Na3
Bf7 29. Be3 d5 30. axb5 Qc8 31. Nxc4 d4 32. Nb6 Qb8 33. Bxf7+ Kxf7 34. Nc4 Qxb5
35. Na3 Qxb2 36. Qxa6 Rdc8 37. Nb5 Rxc2 38. Nd6+ Kg7 39. Nxc8 dxe3 40. Rd7+ Kh6
41. Rxe3 Rxf2 42. Rg3 Rc2 43. Qb6 Qc1+ 44. Kh2 Rxc8 45. Qe3+ Qxe3 46. Rxe3 Bg7
47. Rb3 Rg8 48. Rbb7 g5 49. g4 Kg6 50. Kg3 h6 51. Kf3 Bf8 52. Rb8 Rh8 53. Rdd8
Kf7 54. Ke3 Ke7 55. Kd3 Rg8 56. Kc4 Kf7 57. Kd5 Ke7 58. Re8+ Kf7 59. Rbd8 Rh8
60. Rc8 Rg8 61. Kc6 Rh8 62. Kd7 Rg8 63. Ra8 Rh8 64. Ra7 Kg6 65. Ke6 Bg7 66. Raa8
Rxe8+ 67. Rxe8 h5 68. Rg8 hxg4 69. hxg4 1-0

[Event "57th Biel Rapid Open"]
[Site "Biel SUI"]
[Date "2024.07.14"]
[Round "7.40"]
[White "Tellarini, Lorenzo"]
[Black "Akhmediyar, Yernur"]
[Result "1/2-1/2"]
[WhiteElo "2002"]
[BlackElo "1751"]
[WhiteFideId "28548655"]
[BlackFideId "13732129"]
[EventDate "2024.07.14"]
[EventType "swiss"]

1. e4 c5 2. Nf3 Nc6 3. Bb5 g6 4. O-O Bg7 5. c3 Nf6 6. Re1 O-O 7. d4 d6 8. d5 Nb8
9. h3 Nbd7 10. Bf4 Qb6 11. Qe2 a6 12. Bd3 Qc7 13. c4 Ne8 14. Nc3 Bxc3 15. bxc3
f6 16. Bh2 Ne5 17. Nd2 Qa5 18. f4 Nf7 19. Rac1 e5 20. dxe6 Bxe6 21. f5 Bd7 22.
fxg6 hxg6 23. e5 fxe5 24. Bxg6 Qd8 25. Rf1 Qg5 26. Bd3 Nf6 27. Nf3 Qh6 28. g4 e4
29. Bxe4 Rae8 30. Nd2 Bc6 31. Rf4 Ng5 32. Rcf1 Bxe4 33. Nxe4 Rxe4 34. Rxe4 Ngxe4
35. Kg2 Ng5 36. Qe3 Qg6 37. Rf5 Nfh7 38. Rxf8+ Nxf8 39. Qe7 Qe4+ 40. Qxe4 Nxe4
41. Kf3 Nxc3 42. Bxd6 Ne6 43. a3 Nb1 44. a4 Nd2+ 45. Ke2 Nxc4 46. Bg3 Kg7 47.
Kd3 Nb6 48. a5 Nd7 49. Kc4 Kf6 50. Kd5 Ng5 51. h4 Nf3 52. Bf2 c4 53. Kxc4 Nfe5+
54. Kd5 Nxg4 55. Bd4+ Ke7 56. h5 Ngf6+ 57. Bxf6+ Nxf6+ 58. Kc5 Kd7 59. Kb6 Kc8
60. h6 Nh7 61. Kc5 Kc7 62. Kb4 b5 63. axb6+ Kxb6 64. Ka4 a5 65. Ka3 Kb5 66. Kb3
a4+ 67. Ka3 Ka5 68. Ka2 Kb4 69. Kb2 Nf6 70. Ka2 Kc4 71. Ka3 Kb5 72. Ka2 Kb4 73.
Kb2 Ka5 74. Ka3 Kb5 75. Ka2 Kb4 76. Kb2 a3+ 77. Ka2 Ka4 78. Ka1 Kb3 79. Kb1 Kc3
80. Ka2 Kb4 81. Ka1 Kb3 82. Kb1 Ne4 83. h7 Nc3+ 84. Ka1 Na4 85. h8=Q Kb4 86.
Qd4+ Kb3 87. Qd5+ Kb4 88. Qe4+ Kb3 89. Qb7+ Kc4 90. Ka2 Nc5 91. Qf7+ Kb4 92.
Qf4+ Kb5 93. Kxa3 Nd7 94. Qd6 Nc5 95. Qd5 Kb6 96. Kb4 Na6+ 97. Kc4 Nc7 98. Qd6+
Kb7 99. Kc5 Na6+ 100. Kb5 Nc7+ 101. Kc5 Na6+ 102. Kd5 Nc7+ 103. Qxc7+ Kxc7 1/2-1/2

[Event "57th Biel Rapid Open"]
[Site "Biel SUI"]
[Date "2024.07.14"]
[Round "7.41"]
[White "Tkhoruk, Roman"]
[Black "Bachmann, Daniel"]
[Result "1-0"]
[WhiteElo "1965"]
[BlackElo "1713"]
[WhiteFideId "34161589"]
[BlackFideId "1357492"]
[EventDate "2024.07.14"]
[EventType "swiss"]

1. e4 e6 2. d4 d5 3. exd5 exd5 4. Bd3 Bd6 5. h3 Ne7 6. Nf3 Be6 7. c3 Qd7 8. O-O
Nbc6 9. Be3 O-O-O 10. b4 h5 11. a4 f6 12. a5 g5 13. b5 Nb8 14. c4 Bxh3 15. b6 a6
16. Nh2 Bxh2+ 17. Kxh2 Be6 18. f4 gxf4 19. Bxf4 Rdg8 20. Qd2 Ng6 21. Bxg6 Rxg6
22. Rf2 Rhg8 23. Ra2 1-0

[Event "57th Biel Rapid Open"]
[Site "Biel SUI"]
[Date "2024.07.14"]
[Round "7.42"]
[White "Tcheau, Alain"]
[Black "Ademi, Rexhe"]
[Result "1-0"]
[WhiteElo "1991"]
[BlackElo "1635"]
[WhiteFideId "1306014"]
[BlackFideId "1350366"]
[EventDate "2024.07.14"]
[EventType "swiss"]

1. d4 Nf6 2. Nc3 c6 3. e3 d6 4. f4 g6 5. Nf3 Bg7 6. Bd3 O-O 7. Bd2 Bg4 8. h3
Bxf3 9. Qxf3 Nbd7 10. e4 e5 11. dxe5 dxe5 12. f5 Nc5 13. O-O-O Nxd3+ 14. cxd3
Qb6 15. g4 Rad8 16. Bg5 h6 17. Bxf6 Bxf6 18. h4 g5 19. hxg5 Bxg5+ 20. Kc2 f6 21.
Qh3 Qf2+ 22. Kb1 Kg7 23. Qh5 Qf3 24. Rh3 Qf4 25. Rdh1 Rh8 26. Rd1 Rd4 27. Ne2
Qf2 28. Nxd4 Qxd4 29. Rh2 c5 30. Rc2 b6 31. Qh3 Rc8 32. Rc4 Qd6 33. Qh5 b5 34.
Rc2 c4 35. Qh1 b4 36. dxc4 Qb6 37. Qf3 Rc7 38. Qd3 a5 39. b3 Be3 40. Qd6 Qa7 41.
Rd5 Bd4 42. c5 a4 43. Qb6 axb3 44. Rh2 bxa2+ 45. Rxa2 Qxb6 46. cxb6 Bxb6 47. Rb5
Bd4 48. Rxb4 Kh7 49. Ra8 Rg7 50. Rbb8 Ra7 51. Rxa7+ Bxa7 52. Rb7+ Kg8 53. Rxa7
Kh8 54. Kc2 Kg8 55. Kc3 Kh8 56. Kc4 Kg8 57. Kd5 Kh8 58. Ke6 Kg8 59. Kxf6 h5 60.
gxh5 Kh8 61. Kg6 1-0

[Event "57th Biel Rapid Open"]
[Site "Biel SUI"]
[Date "2024.07.14"]
[Round "7.43"]
[White "Chen, Muxi"]
[Black "Jordan, Christina"]
[Result "1-0"]
[WhiteElo "2030"]
[BlackElo "1749"]
[WhiteFideId "8626073"]
[BlackFideId "1347977"]
[EventDate "2024.07.14"]
[EventType "swiss"]

1. e4 c5 2. Nf3 d6 3. d4 cxd4 4. Nxd4 Nf6 5. Nc3 a6 6. Be2 e5 7. Nb3 Be6 8. Be3
Nbd7 9. O-O Be7 10. f3 Rc8 11. a4 O-O 12. a5 Nb8 13. Nd5 Nxd5 14. exd5 Bd7 15.
c4 Bf5 16. Nd2 Nd7 17. b4 Bf6 18. Rc1 Re8 19. Nb3 e4 20. f4 Bb2 21. Rb1 Bf6 22.
g4 Bxg4 23. Bxg4 Rxc4 24. Nd2 Rc3 25. Qe2 Qc7 26. Bf5 Rc2 27. Qg4 Nf8 28. Nxe4
Rxe4 29. Bxe4 Rc3 30. Bb6 Qc4 31. Qg2 Nd7 32. Bf2 1-0

[Event "57th Biel Rapid Open"]
[Site "Biel SUI"]
[Date "2024.07.14"]
[Round "7.45"]
[White "Schaer, Bryan"]
[Black "Haas, Anthony"]
[Result "1-0"]
[WhiteElo "1803"]
[BlackElo "1824"]
[WhiteFideId "1356127"]
[BlackFideId "1346407"]
[EventDate "2024.07.14"]
[EventType "swiss"]

1. e4 e6 2. d4 d5 3. e5 c5 4. c3 Nc6 5. Nf3 Bd7 6. Be2 f6 7. Nh4 g6 8. exf6 Nxf6
9. O-O cxd4 10. cxd4 Bg7 11. Nf3 O-O 12. Bg5 Qb6 13. Nc3 Rae8 14. Na4 Qc7 15.
Rc1 Ne4 16. Bh4 Qf4 17. Nc5 Nxc5 18. Bg3 Qf5 19. dxc5 Ne5 20. Nxe5 Bxe5 21. Bg4
Qf6 22. Qe2 Bxg3 23. fxg3 Qd4+ 24. Kh1 Rxf1+ 25. Rxf1 Qxc5 26. Qe5 Qe7 27. Re1
Rf8 28. h3 Re8 29. Bf3 Qf7 30. Bg4 b5 31. b4 h5 32. Bf3 Qg7 33. Qd6 Qf7 34. Qe5
a6 35. Qd6 Ra8 36. Rc1 Rc8 37. Rxc8+ Bxc8 38. Qd8+ Qf8 39. Qg5 Kh7 40. Be2 Qf7
41. Bd3 Kg7 42. Be2 Kh8 43. Qd8+ Qg8 44. Qf6+ Kh7 45. Bd3 Qg7 46. Qg5 Qa1+ 47.
Kh2 Qg7 48. Qxh5+ Kg8 49. Qg5 Kf7 50. Qd8 Bb7 51. Qd7+ Kg8 52. Qxe6+ Kh7 53. Qg4
d4 54. Qh4+ Kg8 55. Qd8+ Kh7 56. Qh4+ Kg8 57. Qg5 Kh7 58. Qh5+ Kg8 59. Qxg6 Qxg6
60. Bxg6 Bd5 61. a3 Kg7 62. Bc2 Bc4 63. g4 d3 64. Bd1 d2 65. Kg3 Kf6 66. Kf4 Bf1
67. Ke3 Bxg2 68. h4 Bh3 69. Kxd2 Ke5 70. g5 Kf5 71. Kd3 Bf1+ 72. Kd4 Bg2 73. Kc5
Kg6 74. Kb6 Bd5 75. Kxa6 Bc4 76. Kb6 Kf5 77. Kc5 Bf1 78. a4 1-0